| 000 | 00499cam a2200145u 4500 | ||
|---|---|---|---|
| 050 | 0 | 0 |
_aQD412.H6 _bD44 |
| 100 | 1 | _aDe la mare, P. B.D. | |
| 245 | 1 | 0 |
_aAromatic substitution : _bnitration and halogenation / _cP.B.D. De la mare and J.H. Ridd |
| 260 |
_aLondon [UK] : _bButterworths Scientific Publications, _cc1959. |
||
| 300 | _avii, 252 p. | ||
| 500 | _aincludes bibliographic references and index | ||
| 650 |
_bAromatic compounds ; _bNitration ; _bHalogenation |
||
| 700 | _aRidd, J.H. | ||
| 942 | _cGEN | ||
| 999 |
_c2584 _d2584 |
||